000 00455nam a2200181Ia 4500
001 19289
005 20260306172642.0
008 260306t2009||||xx |||||||||||||| ||spa||
041 _aESP
082 _a658.83
_bG77
100 _aGrande Esteban, Ildefonso
_eAUT
245 0 _aFundamentos y técnicas de investigación comercial
260 _c2009
300 _a433 páginas :
_c24 cm.
650 _aGEN
654 _aCAN
942 _cLIB
_dJUS
_fJUS
_2ddc
_n
999 _c19289
_d19289